| 000 | 00408nam a22001697a 4500 | ||
|---|---|---|---|
| 003 | NUST - PNEC | ||
| 005 | 20170116181117.0 | ||
| 008 | 151004b xxu||||| |||| 00| 0 eng d | ||
| 020 | _a0751300217 | ||
| 040 | _cLIBRARY | ||
| 082 | _a794.12 WHY | ||
| 100 |
_913284 _aWhyld, Ken |
||
| 245 |
_aLearn chess in a weekend _cKen Whyld |
||
| 260 | _c1993 | ||
| 650 |
_913289 _aChess _xGeneral |
||
| 942 |
_2ddc _cBK |
||
| 999 |
_c69397 _d69397 |
||